01961nam a2200481 i 450000100060000000300080000600500170001400600190003100700150005000800410006502000270010603500230013303500240015603500250018003500220020504000310022705000210025808000070027908200170028610000340030324502200033726400490055730000450060633600310065133700330068233800430071550000810075850400290083958801270086859001640099565000180115965000170117765000230119465000200121765100250123765100100126265500270127270000450129970000370134479700190138185600620140099900170146230897FlNmELB20241216220619.0m o d | cr cnu||||||||171012s2016 cu ob 000 0 spa d a9789591634016 (e-book) a(MiAaPQ)EBC4945970 a(Au-PeEL)EBL4945970 a(CaPaEBR)ebr11423312 a(OCoLC)1105434356 aFINmELBbspaerdacFINmELB 4aSD421bC313 2016 a630 a634.96182231 aCarrasco Rodríguez, Yulian.10aÍndice meteorológico de peligro de incendio forestal para la provincia Pinar del Río, Cuba /cautor: Yulián Carrasco Rodríguez ; tutores: Dr.C. Marcos Pedro Ramos Rodríguez, Dr.C. Antonio Carlos Batista. 1aLa Habana :bEditorial Universitaria,c2016. a1 recurso en línea (xi, 124 páginas) atextobtxt2rdacontent/spa acomputadorabc2rdamedia/spa arecurso en líneabcr2rdacarrier/spa aTesis (Doctor en Ciencias Forestales)--Universidad de Pinar del Río, 2016. aContiene bibliografía. aDescripción basada en recurso en línea; Título de la página del título en PDF (e-libro, visto October 12, 2017). aRecurso electrónico. Santa Fe, Arg.: e-libro, 2015. Disponible vía World Wide Web. El acceso puede estar limitado para las bibliotecas afiliadas a e-libro. 0aForest fires. 0aMeteorology. 4aIncendio forestal. 4aMeteorología. 0aPinar del Rio (Cuba) 4aCuba. 4aLibros electrónicos.1 aRamos Rodríguez, Marcos Pedro,etutor.1 aBatista, Antonio Carlos,etutor.2 ae-libro, Corp.40uhttps://elibro.net/ereader/politecnicointernacional/90922 c30897d30897